ज्ञानी पांडेय / (Record no. 50289)
[ view plain ]
| 000 -LEADER | |
|---|---|
| fixed length control field | 01157nam a22002897a 4500 |
| 005 - DATE AND TIME OF LATEST TRANSACTION | |
| control field | 20110201162643.0 |
| 008 - FIXED-LENGTH DATA ELEMENTS--GENERAL INFORMATION | |
| fixed length control field | 110127t xxu||||| |||| 00| 0 hin d |
| 010 ## - LCCN (DPL NO) | |
| LC control number | HIN-91724 |
| 020 ## - INTERNATIONAL STANDARD BOOK NUMBER | |
| Terms of availability | 75.00 |
| International Standard Book Number | 9788179876923 |
| 035 ## - SYSTEM CONTROL NUMBER | |
| System control number | HN-64070 |
| 037 ## - SOURCE OF ACQUISITION | |
| Source of stock number/acquisition | DBAD / PUB |
| 040 ## - CATALOGING SOURCE | |
| Original cataloging agency | DPL |
| Language of cataloging | HN |
| 082 ## - DEWEY DECIMAL CLASSIFICATION NUMBER | |
| Classification number | 827 |
| 100 ## - MAIN ENTRY--PERSONAL NAME | |
| 9 (RLIN) | 25632 |
| Personal name | मिश्र, अनिल कुमार |
| 245 ## - TITLE STATEMENT | |
| Title | ज्ञानी पांडेय / |
| Statement of responsibility, etc | अनिल कुमार मिश्र |
| 246 ## - VARYING FORM OF TITLE | |
| Title proper/short title | Gyani panday |
| Remainder of title | by Anil kumar mishra |
| 260 ## - PUBLICATION, DISTRIBUTION, ETC. (IMPRINT) | |
| Place of publication, distribution, etc | नई दिल्ली |
| Name of publisher, distributor, etc | विश्व विजय |
| Date of publication, distribution, etc | 2010 |
| 270 ## - ADDRESS | |
| Address | एम-12, कनाट सर्कस |
| City | नई दिल्ली |
| Postal code | 110001 |
| Telephone number | 91-011-23416313, 91-011-41517890 |
| 300 2# - PHYSICAL DESCRIPTION | |
| Extent | 191पृ. |
| Dimensions | 22सेमी (अजिल्द) |
| 650 ## - SUBJECT ADDED ENTRY--TOPICAL TERM | |
| 9 (RLIN) | 657 |
| Topical term or geographic name as entry element | व्यंग्य, हिन्दी |
| 650 ## - SUBJECT ADDED ENTRY--TOPICAL TERM | |
| Topical term or geographic name as entry element | Hindi Sarcasm |
| 9 (RLIN) | 25706 |
| 650 ## - SUBJECT ADDED ENTRY--TOPICAL TERM | |
| 9 (RLIN) | 25656 |
| 700 ## - ADDED ENTRY--PERSONAL NAME | |
| 9 (RLIN) | 25634 |
| 700 ## - ADDED ENTRY--PERSONAL NAME | |
| 9 (RLIN) | 25670 |
| 942 ## - ADDED ENTRY ELEMENTS (KOHA) | |
| Source of classification or shelving scheme | Dewey Decimal Classification |
| Item type | Hindi Books |
| Classification part | 827 |
| Call number suffix | मिश्रअ |
| Withdrawn status | Lost status | Source of classification or shelving scheme | Damaged status | Not for loan | Collection code | Home library | Current library | Date acquired | Cost, normal purchase price | Total Checkouts | Full call number | Barcode | Date last seen | Copy number | Cost, replacement price | Koha item type |
|---|---|---|---|---|---|---|---|---|---|---|---|---|---|---|---|---|
| Dewey Decimal Classification | Non-fiction | D.B.Act.Division | D.B.Act.Division | 02/02/2011 | 75.00 | 827 मिश्रअ | HN-64070 | 02/02/2011 | 1 | 75.00 | Hindi Books |
